000
00289nam a2200109Ia 4500
008
171211s9999 xx 000 0 und d
245
_a
Managing Now!: Student Text
245
_c
Gary Dessler
260
_c
2007
650
_x
BUSINESS
856
_u
http://down.ebook777.com/062/0618741631.pdf
999
_c
349483
_d
349483